Quel élément contrôle ce personnage de One Piece avec son Logia ? - Statistiques

Statistiques générales
  • Ce quiz a été pris 98 fois
  • Le résultat moyen est 12 sur 14
Statistiques - réponses
Utilisateur Element % Correct
Ace Feu
100%
Sabo Feu
100%
Aokiji Glace
100%
Ener Foudre
99%
Crocodile Sable
99%
Smoker Fumée
98%
Kizaru Lumière
98%
Akainu Magma
98%
Monet Neige
89%
Cesar Gaz
86%
Barbe-Noire Ténèbres
86%
Ryokugyu Plantes
67%
Caribou Marais
63%
Karasu Suie
50%
Aucun quiz correspondant
Distribution des résultats
% des personnes avec chaque résultat
Percentile par nombre de réponses
Votre historique - résultats
Vous n’avez pas pris ce quiz